|
|
|
|
| LEADER |
00838nab a2200253 i 4500 |
| 001 |
publ6187 |
| 005 |
20180821144446.0 |
| 008 |
160204s2015 hu o 0|| zxx d |
| 022 |
|
|
|a 0143-4179
|
| 024 |
7 |
|
|a 10.1016/j.npep.2015.03.006
|2 doi
|
| 024 |
7 |
|
|a 2882849
|2 mtmt
|
| 040 |
|
|
|a SZTE Publicatio Repozitórium
|b hun
|
| 041 |
|
|
|a zxx
|
| 100 |
1 |
|
|a Tajti János
|
| 245 |
1 |
0 |
|a Migraine and neuropeptides
|h [elektronikus dokumentum] /
|c Tajti János
|
| 260 |
|
|
|a Churchill Livingstone
|c 2015
|
| 300 |
|
|
|a 19-30
|
| 490 |
0 |
|
|a Neuropeptides
|v 52
|
| 700 |
0 |
1 |
|a Szok Délia
|e aut
|
| 700 |
0 |
1 |
|a Majláth Zsófia
|e aut
|
| 700 |
0 |
1 |
|a Tuka Bernadett
|e aut
|
| 700 |
0 |
1 |
|a Csáti Anett
|e aut
|
| 700 |
0 |
1 |
|a Vécsei László
|e aut
|
| 856 |
4 |
0 |
|u http://publicatio.bibl.u-szeged.hu/6187/1/TJ.%20%28742033561%29%20Migraine%20and%20neuropeptides.pdf
|z Dokumentum-elérés
|